Statistics for Premier League Players

Click here to take the quiz!

General Stats

  • This quiz has been taken 39 times
  • The average score is 24 of 30

Answer Stats

PlayerClub% Correct
Petr CechArsenal
100%
Nemanja MaticChelsea
100%
Sergio AgüeroManchester City
100%
Memphis DepayManchester United
100%
Hugo LlorisTottenham Hotspur
100%
Daniel SturridgeLiverpool
97%
Phil JagielkaEverton
91%
Emre CanLiverpool
89%
Nicolas OtamendiManchester City
89%
Kyle WalkerTottenham Hotspur
89%
Asmir BegovicChelsea
86%
Xherdan ShaqiriStoke City
86%
Hector BellerinArsenal
83%
Riyad MahrezLeicester City
83%
Morgan SchneiderlinManchester United
83%
Papiss CisséNewcastle United
83%
Jermain DefoeSunderland
83%
Yohan CabayeCrystal Palace
80%
Shane LongSouthampton
80%
Angelo OgbonnaWest Ham United
80%
Ibrahim AfellayStoke City
77%
André AyewSwansea City
77%
Micah RichardsAston Villa
71%
Gökhan InlerLeicester City
66%
Etienne CapoueWatford
66%
Salomón RondónWest Bromwich Albion
66%
Claudio YacobWest Bromwich Albion
66%
Reece OxfordWest Ham United
63%
Christian AtsuBournemouth
57%
Youssouf MulumbuNorwich City
51%

Score Distribution

Percentile by Number Answered

Percent of People with Each Score

Your Score History

You have not taken this quiz